000 00824nam a2200265 i 4500
001 12590
003 ES-MaACL
005 20250819082724.0
007 t|
008 960821s1996 sp ||||0| spa j
020 _a84-323-0909-5
040 _aM-BN
_bspa
_cM-BN
080 _a329.23(460)(091)
245 0 0 _aRepublicanos y repúblicas en España /
_cpor José A. Piqueras y Manuel Chust (comps.) ; M. Chust ... [et al.].
250 _a1ª ed.
260 _aMadrid :
_bSiglo XXI de España,
_c1996.
300 _a287 p ;
_c21 cm.
490 1 _aHistoria
650 1 4 _aPartidos republicanos-
_zEspaña
_915873
700 0 _aChust Calero, Manuel,
_d1962-
_938721
700 1 _aPiqueras, José A.
_992329
830 0 _aHistoria
_9177536
852 _aES-MaACL
_jL-19902
_bR.125622
999 _c12590
_d12590